Bài tập luyện viết tiếng Anh /

Gồm 50 bài test giúp người học củng cố vốn từ vựng và cấu trúc ngữ pháp

Sparad:
Bibliografiska uppgifter
Huvudupphovsman: Xuân Bá
Materialtyp: Bok
Publicerad: H. : Thế giới, 2002.
Ämnen:
Taggar: Lägg till en tagg
Inga taggar, Lägg till första taggen!
Thư viện lưu trữ: Mạng thư viện Đại học Đà Nẵng
LEADER 01017nam a22003011a 4500
001 000037403
005 20220722142934.0
020 # # |c 24000đ  |d 1000b 
040 # # |a lnn  |c lnn  |d lnn 
041 0 # |a eng, vie 
082 0 4 |a 428  |b XU-B 
100 1 # |a Xuân Bá 
245 0 0 |a Bài tập luyện viết tiếng Anh /  |c Xuân Bá. 
260 # # |a H. :  |b Thế giới,  |c 2002. 
300 # # |a 263tr. ;  |c 21cm. 
520 3 # |a Gồm 50 bài test giúp người học củng cố vốn từ vựng và cấu trúc ngữ pháp 
650 0 4 |a Tiếng Anh 
650 0 4 |a Kĩ năng viết 
650 0 4 |a Bài tập 
OWN |a LNN 
AVA |a UDN50  |b LNN  |c English  |d 428XU-B  |e available  |t Error 5001 Not defined in file expand_doc_bib_avail.  |f 1  |g 0  |h N  |i 2  |j AN 
999 |a From the UDN01 
AVA |a UDN50  |b LNN  |c English  |d 428XU-B  |e available  |t Error 5001 Not defined in file expand_doc_bib_avail.  |f 1  |g 0  |h N  |i 2  |j AN 
TYP |a Monograph 
980 |a Mạng thư viện Đại học Đà Nẵng